Καλλιέργεια λαχανικών σε χαμηλά σκέπαστρα (τουνέλια)
Αποθηκεύτηκε σε:
| Κύριος συγγραφέας: | |
|---|---|
| Μορφή: | Βιβλίο |
| Γλώσσα: | Greek |
| Δημοσίευση: |
Λευκωσία :
Υπουργείο Γεωργίας και Φυσικών Πόρων. Τμήμα Γεωργίας,
1988.
|
| Θέματα: | |
| Ετικέτες: |
Προσθήκη ετικέτας
Δεν υπάρχουν, Καταχωρήστε ετικέτα πρώτοι!
|
MARC
| LEADER | 00000cam a2200000 i 4500 | ||
|---|---|---|---|
| 001 | 1/1627 | ||
| 008 | 950712s1988 cy | ||| |||| ||gre|| | ||
| 020 | |a 9963101615 | ||
| 035 | |l 10014511 | ||
| 040 | |a GR-MyUa |b gre |e AACR2 | ||
| 041 | 0 | |a gre | |
| 082 | 7 | |a 635 |2 (22) | |
| 100 | 1 | |a Πατσάλος, Κυριάκος. | |
| 245 | 1 | 0 | |a Καλλιέργεια λαχανικών σε χαμηλά σκέπαστρα (τουνέλια) / |c Κυριάκος Πατσάλος. |
| 260 | |a Λευκωσία : |b Υπουργείο Γεωργίας και Φυσικών Πόρων. Τμήμα Γεωργίας, |c 1988. | ||
| 300 | |a 38 σ. ; |c 24 εκ. | ||
| 650 | 0 | 0 | |a Greenhouse gardening. |
| 650 | 0 | 0 | |a Vegetable gardening. |
| 852 | |a INST |b LESVOS |e 19950712 |h 635 ΠΑΤ |p 005100007700 |q 005100007700 |t BK |y 0 | ||